[Event "N1 Reykjavik Open 2014"]
[Site "Reykjavik, Iceland"]
[Date "2014.03.08"]
[Round "6.1"]
[White "L'Ami, Erwin"]
[Black "Van Kampen, Robin"]
[Result "1/2-1/2"]
[WhiteElo "2646"]
[BlackElo "2603"]
[LiveChessVersion "1.4.2"]

1. d4 
    {[%clk 1:30:57]}
1. ... Nf6 
    {[%clk 1:30:53]}
2. c4 
    {[%clk 1:31:21]}
2. ... g6 
    {[%clk 1:31:17]}
3. Nc3 
    {[%clk 1:31:46]}
3. ... Bg7 
    {[%clk 1:31:37]}
4. e4 
    {[%clk 1:32:06]}
4. ... d6 
    {[%clk 1:32:02]}
5. Nf3 
    {[%clk 1:32:29]}
5. ... O-O 
    {[%clk 1:32:23]}
6. Be2 
    {[%clk 1:32:55]}
6. ... e5 
    {[%clk 1:32:47]}
7. O-O 
    {[%clk 1:33:20]}
7. ... Nc6 
    {[%clk 1:33:14]}
8. dxe5 
    {[%clk 1:33:39]}
8. ... dxe5 
    {[%clk 1:33:16]}
9. Bg5 
    {[%clk 1:34:04]}
9. ... Nd4 
    {[%clk 1:33:38]}
10. Nxe5 
    {[%clk 1:32:57]}
10. ... Ne6 
    {[%clk 1:31:15]}
11. Bh4 
    {[%clk 1:31:31]}
11. ... Qxd1 
    {[%clk 1:14:44]}
12. Raxd1 
    {[%clk 1:31:15]}
12. ... Nxe4 
    {[%clk 1:13:50]}
13. Nxe4 
    {[%clk 1:31:29]}
13. ... Bxe5 
    {[%clk 1:14:14]}
14. Be7 
    {[%clk 1:31:33]}
14. ... Nd4 
    {[%clk 1:00:33]}
15. Bd3 
    {[%clk 1:30:30]}
15. ... f5 
    {[%clk 0:56:19]}
16. Nc3 
    {[%clk 1:30:17]}
16. ... Rf7 
    {[%clk 0:54:38]}
17. Bg5 
    {[%clk 1:29:41]}
17. ... Ne6 
    {[%clk 0:47:25]}
18. Bh6 
    {[%clk 1:28:12]}
18. ... Bg7 
    {[%clk 0:44:33]}
19. Bxg7 
    {[%clk 1:27:53]}
19. ... Kxg7 
    {[%clk 0:44:04]}
20. Rfe1 
    {[%clk 1:27:52]}
20. ... c6 
    {[%clk 0:33:45]}
21. g3 
    {[%clk 1:15:45]}
21. ... Rc7 
    {[%clk 0:29:02]}
22. f4 
    {[%clk 1:09:53]}
22. ... Bd7 
    {[%clk 0:27:28]}
23. Bf1 
    {[%clk 0:57:34]}
23. ... Re8 
    {[%clk 0:25:46]}
24. c5 
    {[%clk 0:54:53]}
24. ... Bc8 
    {[%clk 0:23:33]}
25. Bc4 
    {[%clk 0:50:31]}
25. ... Rce7 
    {[%clk 0:23:42]}
26. Bxe6 
    {[%clk 0:48:06]}
26. ... Rxe6 
    {[%clk 0:24:06]}
27. Rxe6 
    {[%clk 0:46:56]}
27. ... Bxe6 
    {[%clk 0:24:29]}
28. Rd4 
    {[%clk 0:45:38]}
28. ... Re7 
    {[%clk 0:21:29]}
29. Kf2 
    {[%clk 0:44:46]}
29. ... Kf7 
    {[%clk 0:19:29]}
30. a3 
    {[%clk 0:40:17]}
30. ... Bb3 
    {[%clk 0:13:13]}
31. Rd8 
    {[%clk 0:37:24]}
31. ... Bc4 
    {[%clk 0:13:15]}
32. b4 
    {[%clk 0:33:08]}
32. ... a5 
    {[%clk 0:11:38]}
33. bxa5 
    {[%clk 0:28:48]}
33. ... Ba6 
    {[%clk 0:11:34]}
34. Rd2 
    {[%clk 0:27:08]}
34. ... Kg7 
    {[%clk 0:05:08]}
35. Na2 
    {[%clk 0:21:47]}
35. ... Bb5 
    {[%clk 0:05:03]}
36. Nb4 
    {[%clk 0:21:37]}
36. ... Kh6 
    {[%clk 0:03:53]}
37. Nc2 
    {[%clk 0:21:03]}
37. ... Ba6 
    {[%clk 0:03:05]}
38. Nd4 
    {[%clk 0:18:06]}
38. ... Re4 
    {[%clk 0:01:14]}
39. Nf3 
    {[%clk 0:17:06]}
39. ... Kg7 
    {[%clk 0:01:01]}
40. Ng5 
    {[%clk 0:39:27]}
40. ... Ra4 
    {[%clk 0:30:41]}
41. Rd7+ 
    {[%clk 0:38:21]}
41. ... Kg8 
    {[%clk 0:29:06]}
42. Nxh7 
    {[%clk 0:29:20]}
42. ... Rxa5 
    {[%clk 0:26:56]}
43. Nf6+ 
    {[%clk 0:26:43]}
43. ... Kf8 
    {[%clk 0:27:21]}
44. Rc7 
    {[%clk 0:26:33]}
44. ... Rxa3 
    {[%clk 0:26:44]}
45. Kg2 
    {[%clk 0:22:51]}
45. ... Re3 
    {[%clk 0:22:43]}
46. g4 
    {[%clk 0:16:22]}
46. ... fxg4 
    {[%clk 0:19:23]}
47. Nxg4 
    {[%clk 0:16:35]}
47. ... Re7 
    {[%clk 0:17:32]}
48. Rc8+ 
    {[%clk 0:11:20]}
48. ... Kg7 
    {[%clk 0:17:52]}
49. Kg3 
    {[%clk 0:10:37]}
49. ... Bd3 
    {[%clk 0:17:33]}
50. Ne5 
    {[%clk 0:10:16]}
50. ... Bf5 
    {[%clk 0:17:50]}
51. Rd8 
    {[%clk 0:10:17]}
51. ... g5 
    {[%clk 0:13:48]}
52. Rd6 
    {[%clk 0:09:02]}
52. ... Re8 
    {[%clk 0:07:23]}
53. h4 
    {[%clk 0:06:56]}
53. ... gxf4+ 
    {[%clk 0:07:34]}
54. Kxf4 
    {[%clk 0:07:23]}
54. ... Rf8 
    {[%clk 0:07:49]}
55. Kg5 
    {[%clk 0:07:04]}
55. ... Bh3 
    {[%clk 0:07:22]}
56. Rg6+ 
    {[%clk 0:06:09]}
56. ... Kh7 
    {[%clk 0:07:44]}
57. Rh6+ 
    {[%clk 0:06:34]}
57. ... Kg7 
    {[%clk 0:08:01]}
58. Rg6+ 
    {[%clk 0:07:00]}
58. ... Kh7 
    {[%clk 0:08:26]}
59. Rf6 
    {[%clk 0:07:12]}
59. ... Rxf6 
    {[%clk 0:08:18]}
60. Kxf6 
    {[%clk 0:07:37]}
60. ... Kh6 
    {[%clk 0:08:43]}
61. Nd3 
    {[%clk 0:06:44]}
61. ... Bc8 
    {[%clk 0:03:35]}
62. Nf4 
    {[%clk 0:07:06]}
62. ... b6 
    {[%clk 0:03:48]}
63. cxb6 
    {[%clk 0:07:26]}
63. ... c5 
    {[%clk 0:04:14]}
64. Ke5 
    {[%clk 0:06:02]}
64. ... Bb7 
    {[%clk 0:04:39]}
65. Ne6 
    {[%clk 0:05:27]}
65. ... c4 
    {[%clk 0:04:49]}
66. Kd4 
    {[%clk 0:05:21]}
66. ... Kh5 
    {[%clk 0:04:59]}
67. Kxc4 
    {[%clk 0:05:04]}
67. ... Kxh4 
    {[%clk 0:05:15]}
68. Kc5 
    {[%clk 0:04:32]}
68. ... Kg4 
    {[%clk 0:04:18]}
69. Kd6 
    {[%clk 0:04:11]}
69. ... Kf5 
    {[%clk 0:03:53]}
70. Nd4+ 
    {[%clk 0:03:09]}
70. ... Ke4 
    {[%clk 0:02:40]}
71. Nc6 
    {[%clk 0:03:34]}
71. ... Ba8 
    {[%clk 0:02:30]}
72. Kc5 
    {[%clk 0:03:16]}
72. ... Bb7 
    {[%clk 0:02:27]}
73. Na5 
    {[%clk 0:03:41]}
73. ... Ba8 
    {[%clk 0:02:28]}
74. Nc4 
    {[%clk 0:03:56]}
74. ... Kd3 
    {[%clk 0:02:20]}
75. Ne5+ 
    {[%clk 0:03:34]}
75. ... Kc3 
    {[%clk 0:02:32]}
76. Nc6 
    {[%clk 0:03:30]}
76. ... Kb3 
    {[%clk 0:02:43]}
77. Kb5 
    {[%clk 0:01:42]}
77. ... Kc3 
    {[%clk 0:02:59]}
78. Kc5 
    {[%clk 0:01:25]}
78. ... Kb3 
    {[%clk 0:03:24]}
79. Nd8 
    {[%clk 0:01:04]}
79. ... Ka4 
    {[%clk 0:03:11]}
80. Kd6 
    {[%clk 0:00:49]}
80. ... Kb5 
    {[%clk 0:03:26]}
81. Kc7 
    {[%clk 0:01:15]}
81. ... Bg2 
    {[%clk 0:03:33]}
82. b7 
    {[%clk 0:01:17]}
82. ... Bxb7 
    {[%clk 0:03:58]}
1/2-1/2

[Event "N1 Reykjavik Open 2014"]
[Site "Reykjavik, Iceland"]
[Date "2014.03.08"]
[Round "6.2"]
[White "Kobalia, Mikhail"]
[Black "Li, Chao"]
[Result "1/2-1/2"]
[WhiteElo "2646"]
[BlackElo "2700"]
[LiveChessVersion "1.4.2"]

1. e4 
    {[%clk 1:30:56]}
1. ... c5 
    {[%clk 1:30:46]}
2. Nf3 
    {[%clk 1:31:21]}
2. ... d6 
    {[%clk 1:31:07]}
3. d4 
    {[%clk 1:31:45]}
3. ... cxd4 
    {[%clk 1:31:31]}
4. Nxd4 
    {[%clk 1:32:11]}
4. ... Nf6 
    {[%clk 1:31:55]}
5. Nc3 
    {[%clk 1:32:37]}
5. ... Nc6 
    {[%clk 1:32:15]}
6. Bg5 
    {[%clk 1:32:15]}
6. ... e6 
    {[%clk 1:32:29]}
7. Qd2 
    {[%clk 1:32:40]}
7. ... a6 
    {[%clk 1:32:49]}
8. O-O-O 
    {[%clk 1:33:04]}
8. ... Bd7 
    {[%clk 1:33:12]}
9. f3 
    {[%clk 1:31:42]}
9. ... Be7 
    {[%clk 1:32:33]}
10. Be3 
    {[%clk 1:31:03]}
10. ... h5 
    {[%clk 1:31:44]}
11. Kb1 
    {[%clk 1:31:10]}
11. ... Qc7 
    {[%clk 1:31:15]}
12. Nxc6 
    {[%clk 1:30:19]}
12. ... bxc6 
    {[%clk 1:29:49]}
13. Bf4 
    {[%clk 1:28:47]}
13. ... e5 
    {[%clk 1:29:40]}
14. Bg5 
    {[%clk 1:29:13]}
14. ... Be6 
    {[%clk 1:29:28]}
15. f4 
    {[%clk 1:16:01]}
15. ... exf4 
    {[%clk 1:22:31]}
16. Bxf4 
    {[%clk 1:13:16]}
16. ... O-O 
    {[%clk 1:04:29]}
17. Bxd6 
    {[%clk 1:05:44]}
17. ... Bxd6 
    {[%clk 1:04:40]}
18. Qxd6 
    {[%clk 1:06:10]}
18. ... Qb6 
    {[%clk 1:04:34]}
19. Be2 
    {[%clk 1:00:22]}
19. ... Rfb8 
    {[%clk 1:03:55]}
20. b3 
    {[%clk 0:50:11]}
20. ... a5 
    {[%clk 1:01:46]}
21. Na4 
    {[%clk 0:47:07]}
21. ... Qa7 
    {[%clk 0:49:03]}
22. Qc5 
    {[%clk 0:30:37]}
22. ... Nxe4 
    {[%clk 0:43:41]}
23. Qxa7 
    {[%clk 0:30:45]}
23. ... Rxa7 
    {[%clk 0:44:07]}
24. Rd4 
    {[%clk 0:24:35]}
24. ... f5 
    {[%clk 0:44:16]}
25. Re1 
    {[%clk 0:23:23]}
25. ... c5 
    {[%clk 0:41:40]}
26. Rd3 
    {[%clk 0:22:39]}
26. ... Bd7 
    {[%clk 0:14:24]}
27. Nc3 
    {[%clk 0:21:22]}
27. ... c4 
    {[%clk 0:14:24]}
28. Re3 
    {[%clk 0:17:05]}
28. ... cxb3 
    {[%clk 0:14:47]}
29. axb3 
    {[%clk 0:17:22]}
29. ... Bc6 
    {[%clk 0:13:07]}
30. Nxe4 
    {[%clk 0:16:42]}
30. ... Bxe4 
    {[%clk 0:13:31]}
31. Bd3 
    {[%clk 0:13:22]}
31. ... Bxd3 
    {[%clk 0:13:36]}
32. Rxd3 
    {[%clk 0:13:51]}
32. ... a4 
    {[%clk 0:13:57]}
33. Re5 
    {[%clk 0:11:10]}
33. ... g6 
    {[%clk 0:14:04]}
34. Red5 
    {[%clk 0:09:47]}
34. ... Kf7 
    {[%clk 0:14:06]}
35. Kb2 
    {[%clk 0:08:52]}
1/2-1/2

[Event "N1 Reykjavik Open 2014"]
[Site "Reykjavik, Iceland"]
[Date "2014.03.08"]
[Round "6.3"]
[White "Berkes, Ferenc"]
[Black "Amin, Bassem"]
[Result "0-1"]
[WhiteElo "2687"]
[BlackElo "2657"]
[LiveChessVersion "1.4.2"]

1. d4 
    {[%clk 1:30:55]}
1. ... Nf6 
    {[%clk 1:28:53]}
2. c4 
    {[%clk 1:31:16]}
2. ... e6 
    {[%clk 1:29:20]}
3. Nf3 
    {[%clk 1:31:39]}
3. ... Bb4+ 
    {[%clk 1:29:45]}
4. Bd2 
    {[%clk 1:32:02]}
4. ... Qe7 
    {[%clk 1:30:01]}
5. g3 
    {[%clk 1:31:34]}
5. ... Nc6 
    {[%clk 1:30:26]}
6. Nc3 
    {[%clk 1:30:36]}
6. ... O-O 
    {[%clk 1:30:04]}
7. Bg2 
    {[%clk 1:30:42]}
7. ... d6 
    {[%clk 1:29:37]}
8. O-O 
    {[%clk 1:29:53]}
8. ... Bxc3 
    {[%clk 1:29:21]}
9. Bxc3 
    {[%clk 1:30:15]}
9. ... Ne4 
    {[%clk 1:29:18]}
10. Rc1 
    {[%clk 1:28:25]}
10. ... Nxc3 
    {[%clk 1:28:58]}
11. Rxc3 
    {[%clk 1:28:48]}
11. ... e5 
    {[%clk 1:29:24]}
12. d5 
    {[%clk 1:29:08]}
12. ... Nb8 
    {[%clk 1:29:51]}
13. c5 
    {[%clk 1:17:27]}
13. ... a5 
    {[%clk 1:29:54]}
14. Nd2 
    {[%clk 1:07:02]}
14. ... Na6 
    {[%clk 1:30:09]}
15. cxd6 
    {[%clk 1:04:06]}
15. ... cxd6 
    {[%clk 1:30:37]}
16. Nc4 
    {[%clk 1:02:58]}
16. ... Qd8 
    {[%clk 1:30:58]}
17. a3 
    {[%clk 0:35:10]}
17. ... b5 
    {[%clk 1:29:29]}
18. Nd2 
    {[%clk 0:35:35]}
18. ... Bd7 
    {[%clk 1:29:37]}
19. Rc1 
    {[%clk 0:34:30]}
19. ... b4 
    {[%clk 1:27:35]}
20. axb4 
    {[%clk 0:33:49]}
20. ... axb4 
    {[%clk 1:27:40]}
21. Qb3 
    {[%clk 0:33:29]}
21. ... Qb8 
    {[%clk 1:19:14]}
22. Qe3 
    {[%clk 0:33:11]}
22. ... Nc5 
    {[%clk 0:59:12]}
23. Nc4 
    {[%clk 0:32:19]}
23. ... Na4 
    {[%clk 0:58:41]}
24. f4 
    {[%clk 0:29:41]}
24. ... exf4 
    {[%clk 0:57:04]}
25. Rxf4 
    {[%clk 0:29:55]}
25. ... Bb5 
    {[%clk 0:48:52]}
26. Nd2 
    {[%clk 0:24:59]}
26. ... Re8 
    {[%clk 0:47:06]}
27. Qd4 
    {[%clk 0:22:57]}
27. ... Nc5 
    {[%clk 0:44:16]}
28. Rcf1 
    {[%clk 0:13:23]}
28. ... Re7 
    {[%clk 0:44:44]}
29. Qxb4 
    {[%clk 0:12:55]}
29. ... Bxe2 
    {[%clk 0:43:56]}
30. Qxb8+ 
    {[%clk 0:11:36]}
30. ... Rxb8 
    {[%clk 0:44:24]}
31. Ra1 
    {[%clk 0:11:11]}
31. ... g5 
    {[%clk 0:41:04]}
32. Rf2 
    {[%clk 0:10:27]}
32. ... Bd3 
    {[%clk 0:39:45]}
33. Ra2 Kg7 
    {[%clk 0:33:41]}
34. Bf1 
    {[%clk 0:08:45]}
34. ... h6 
    {[%clk 0:22:50]}
35. Rf3 
    {[%clk 0:08:54]}
35. ... Bxf1 
    {[%clk 0:22:08]}
36. Nxf1 
    {[%clk 0:08:15]}
36. ... Kg6 
    {[%clk 0:20:13]}
37. Ne3 
    {[%clk 0:05:58]}
37. ... Rb3 
    {[%clk 0:20:18]}
38. Ra3 
    {[%clk 0:05:45]}
38. ... Rxb2 
    {[%clk 0:20:33]}
39. Rf2 
    {[%clk 0:05:27]}
39. ... Rxf2 
    {[%clk 0:15:03]}
40. Kxf2 
    {[%clk 0:35:50]}
40. ... f5 
    {[%clk 0:45:09]}
41. Kf3 
    {[%clk 0:28:20]}
41. ... g4+ 
    {[%clk 0:44:56]}
42. Ke2 
    {[%clk 0:27:05]}
42. ... h5 
    {[%clk 0:43:16]}
43. Ra8 
    {[%clk 0:26:35]}
43. ... h4 
    {[%clk 0:42:36]}
44. Rg8+ 
    {[%clk 0:24:45]}
44. ... Kh7 
    {[%clk 0:42:58]}
45. Rd8 
    {[%clk 0:20:11]}
45. ... hxg3 
    {[%clk 0:42:59]}
46. hxg3 
    {[%clk 0:20:36]}
46. ... Ne4 
    {[%clk 0:37:34]}
47. Kd3 
    {[%clk 0:20:58]}
47. ... Rf7 
    {[%clk 0:35:36]}
48. Kd4 
    {[%clk 0:19:18]}
48. ... Nxg3 
    {[%clk 0:34:54]}
49. Rxd6 
    {[%clk 0:18:49]}
49. ... f4 
    {[%clk 0:33:30]}
50. Nxg4 
    {[%clk 0:19:14]}
50. ... Nf5+ 
    {[%clk 0:33:54]}
51. Ke5 
    {[%clk 0:19:40]}
51. ... Nxd6 
    {[%clk 0:34:08]}
52. Kxd6 
    {[%clk 0:20:04]}
52. ... f3 
    {[%clk 0:34:16]}
53. Ke6 
    {[%clk 0:17:37]}
53. ... Rg7 
    {[%clk 0:33:15]}
54. Nf6+ 
    {[%clk 0:13:43]}
54. ... Kh6 
    {[%clk 0:31:31]}
55. d6 
    {[%clk 0:11:38]}
55. ... f2 
    {[%clk 0:28:16]}
56. d7 
    {[%clk 0:12:03]}
56. ... f1=Q 
    {[%clk 0:27:27]}
57. d8=Q 
    {[%clk 0:12:26]}
57. ... Qe2+ 
    {[%clk 0:25:58]}
58. Kd6 
    {[%clk 0:12:02]}
58. ... Rg6 
    {[%clk 0:26:08]}
59. Qe7 
    {[%clk 0:10:18]}
59. ... Qa6+ 
    {[%clk 0:25:13]}
60. Ke5 
    {[%clk 0:10:43]}
60. ... Rg5+ 
    {[%clk 0:25:08]}
61. Kd4 
    {[%clk 0:11:02]}
61. ... Qa4+ 
    {[%clk 0:25:27]}
62. Ke3 
    {[%clk 0:10:28]}
62. ... Rg3+ 
    {[%clk 0:25:44]}
63. Ke2 
    {[%clk 0:08:14]}
63. ... Qc2+ 
    {[%clk 0:26:02]}
64. Kf1 
    {[%clk 0:08:36]}
64. ... Rf3+ 
    {[%clk 0:26:12]}
65. Ke1 
    {[%clk 0:09:01]}
65. ... Qf2+ 
    {[%clk 0:26:36]}
0-1

[Event "N1 Reykjavik Open 2014"]
[Site "Reykjavik, Iceland"]
[Date "2014.03.08"]
[Round "6.4"]
[White "Naiditsch, Arkadij"]
[Black "Danielsen, Henrik"]
[Result "1-0"]
[WhiteElo "2706"]
[BlackElo "2501"]
[LiveChessVersion "1.4.2"]

1. e4 
    {[%clk 1:30:56]}
1. ... d5 
    {[%clk 1:30:13]}
2. exd5 
    {[%clk 1:31:18]}
2. ... Qxd5 
    {[%clk 1:30:25]}
3. Nc3 
    {[%clk 1:31:40]}
3. ... Qd8 
    {[%clk 1:30:37]}
4. d4 
    {[%clk 1:30:52]}
4. ... Nf6 
    {[%clk 1:29:57]}
5. Bc4 
    {[%clk 1:31:03]}
5. ... a6 
    {[%clk 1:29:57]}
6. a4 
    {[%clk 1:26:54]}
6. ... Nc6 
    {[%clk 1:29:10]}
7. Nge2 
    {[%clk 1:23:13]}
7. ... e5 
    {[%clk 1:28:12]}
8. d5 
    {[%clk 1:21:06]}
8. ... Nb4 
    {[%clk 1:28:12]}
9. Bg5 
    {[%clk 1:18:24]}
9. ... Bf5 
    {[%clk 1:28:08]}
10. Bb3 
    {[%clk 1:14:09]}
10. ... h6 
    {[%clk 1:27:31]}
11. Bxf6 
    {[%clk 1:14:07]}
11. ... Qxf6 
    {[%clk 1:27:52]}
12. Ng3 
    {[%clk 1:14:24]}
12. ... O-O-O 
    {[%clk 1:24:09]}
13. Nxf5 
    {[%clk 1:10:17]}
13. ... Qxf5 
    {[%clk 1:24:28]}
14. Qe2 
    {[%clk 1:10:25]}
14. ... Be7 
    {[%clk 1:14:35]}
15. O-O-O 
    {[%clk 1:08:13]}
15. ... Rd7 
    {[%clk 1:12:59]}
16. Kb1 
    {[%clk 1:04:04]}
16. ... Rhd8 
    {[%clk 1:11:51]}
17. Rhe1 
    {[%clk 0:50:55]}
17. ... f6 
    {[%clk 1:05:29]}
18. f3 
    {[%clk 0:37:21]}
18. ... Kb8 
    {[%clk 1:00:17]}
19. g4 
    {[%clk 0:34:33]}
19. ... Qh7 
    {[%clk 0:55:31]}
20. Rd2 
    {[%clk 0:28:06]}
20. ... Nc6 
    {[%clk 0:50:42]}
21. Red1 
    {[%clk 0:23:11]}
21. ... Nd4 
    {[%clk 0:50:41]}
22. Rxd4 
    {[%clk 0:23:20]}
22. ... exd4 
    {[%clk 0:50:14]}
23. Rxd4 
    {[%clk 0:23:44]}
23. ... Bd6 
    {[%clk 0:44:02]}
24. Re4 
    {[%clk 0:20:31]}
24. ... f5 
    {[%clk 0:43:41]}
25. Re6 
    {[%clk 0:20:56]}
25. ... Rf8 
    {[%clk 0:35:48]}
26. Bc4 
    {[%clk 0:19:37]}
26. ... fxg4 
    {[%clk 0:32:33]}
27. fxg4 
    {[%clk 0:19:29]}
27. ... Rdd8 
    {[%clk 0:31:28]}
28. Ne4 
    {[%clk 0:17:07]}
28. ... Qg8 
    {[%clk 0:29:44]}
29. g5 
    {[%clk 0:10:31]}
29. ... hxg5 
    {[%clk 0:28:36]}
30. Nxg5 
    {[%clk 0:10:54]}
30. ... Qh8 
    {[%clk 0:28:24]}
31. Rg6 
    {[%clk 0:09:41]}
31. ... Qh4 
    {[%clk 0:15:28]}
32. Ne6 
    {[%clk 0:09:56]}
32. ... Rf2 
    {[%clk 0:15:25]}
33. Qd3 
    {[%clk 0:10:11]}
33. ... Rh8 
    {[%clk 0:15:11]}
34. Qb3 
    {[%clk 0:09:30]}
34. ... Qh3 
    {[%clk 0:13:30]}
35. Bd3 
    {[%clk 0:08:19]}
35. ... Rxh2 
    {[%clk 0:11:54]}
36. Rxg7 
    {[%clk 0:08:39]}
36. ... Qe3 
    {[%clk 0:11:47]}
37. Nxc7 
    {[%clk 0:05:59]}
37. ... Bxc7 
    {[%clk 0:06:39]}
38. d6 
    {[%clk 0:06:24]}
38. ... Rc8 
    {[%clk 0:05:21]}
39. dxc7+ 
    {[%clk 0:06:24]}
39. ... Rxc7 
    {[%clk 0:02:57]}
40. Qg8+ 
    {[%clk 0:36:11]}
40. ... Rc8 
    {[%clk 0:33:26]}
41. Qd5 
    {[%clk 0:34:28]}
41. ... Rc6 
    {[%clk 0:27:45]}
42. Be4 
    {[%clk 0:29:14]}
42. ... Rhh6 
    {[%clk 0:23:03]}
43. Qe5+ 
    {[%clk 0:28:36]}
43. ... Ka8 
    {[%clk 0:22:20]}
44. Qe8+ 
    {[%clk 0:28:47]}
1-0

[Event "N1 Reykjavik Open 2014"]
[Site "Reykjavik, Iceland"]
[Date "2014.03.08"]
[Round "6.5"]
[White "Rapport, Richard"]
[Black "Idani, Pouya"]
[Result "1-0"]
[WhiteElo "2681"]
[BlackElo "2496"]
[LiveChessVersion "1.4.2"]

1. Nf3 
    {[%clk 1:30:58]}
1. ... c5 
    {[%clk 1:30:52]}
2. c3 
    {[%clk 1:30:49]}
2. ... Nf6 
    {[%clk 1:30:29]}
3. d4 
    {[%clk 1:31:14]}
3. ... e6 
    {[%clk 1:30:24]}
4. e3 
    {[%clk 1:29:35]}
4. ... d5 
    {[%clk 1:28:18]}
5. Nbd2 
    {[%clk 1:29:56]}
5. ... Nc6 
    {[%clk 1:27:56]}
6. Bd3 
    {[%clk 1:30:09]}
6. ... Bd6 
    {[%clk 1:28:22]}
7. dxc5 
    {[%clk 1:30:06]}
7. ... Bxc5 
    {[%clk 1:28:46]}
8. b4 
    {[%clk 1:30:29]}
8. ... Bd6 
    {[%clk 1:28:36]}
9. Bb2 
    {[%clk 1:30:52]}
9. ... e5 
    {[%clk 1:26:34]}
10. e4 
    {[%clk 1:30:59]}
10. ... O-O 
    {[%clk 1:24:31]}
11. O-O 
    {[%clk 1:30:53]}
11. ... h6 
    {[%clk 1:24:32]}
12. a3 
    {[%clk 1:29:59]}
12. ... Bg4 
    {[%clk 1:21:41]}
13. Re1 
    {[%clk 1:28:32]}
13. ... Re8 
    {[%clk 1:19:49]}
14. h3 
    {[%clk 1:27:50]}
14. ... Bh5 
    {[%clk 1:17:51]}
15. c4 
    {[%clk 1:22:29]}
15. ... dxc4 
    {[%clk 1:08:47]}
16. Bxc4 
    {[%clk 1:19:46]}
16. ... Rc8 
    {[%clk 1:07:15]}
17. Qb3 
    {[%clk 1:18:12]}
17. ... Nh7 
    {[%clk 1:06:46]}
18. Bd5 
    {[%clk 1:12:56]}
18. ... Qf6 
    {[%clk 0:58:12]}
19. Rac1 
    {[%clk 1:10:07]}
19. ... Bb8 
    {[%clk 0:54:26]}
20. Qe3 
    {[%clk 1:05:05]}
20. ... Bxf3 
    {[%clk 0:48:57]}
21. Nxf3 
    {[%clk 1:04:34]}
21. ... Nf8 
    {[%clk 0:49:17]}
22. b5 
    {[%clk 1:00:44]}
22. ... Na5 
    {[%clk 0:49:36]}
23. Rxc8 
    {[%clk 1:00:59]}
23. ... Rxc8 
    {[%clk 0:50:01]}
24. Rc1 
    {[%clk 1:01:25]}
24. ... Re8 
    {[%clk 0:45:38]}
25. Bc3 
    {[%clk 0:58:28]}
25. ... b6 
    {[%clk 0:43:33]}
26. Bxa5 
    {[%clk 0:58:40]}
26. ... bxa5 
    {[%clk 0:43:57]}
27. Rc6 
    {[%clk 0:59:05]}
27. ... Qd8 
    {[%clk 0:41:53]}
28. Nh2 
    {[%clk 0:57:44]}
28. ... Re7 
    {[%clk 0:39:38]}
29. Ng4 
    {[%clk 0:55:40]}
29. ... h5 
    {[%clk 0:35:02]}
30. Nh2 
    {[%clk 0:47:04]}
30. ... Rd7 
    {[%clk 0:31:07]}
31. Nf3 
    {[%clk 0:43:56]}
31. ... g6 
    {[%clk 0:27:48]}
32. g3 
    {[%clk 0:32:31]}
32. ... Kg7 
    {[%clk 0:26:51]}
33. Qc3 
    {[%clk 0:32:50]}
33. ... Re7 
    {[%clk 0:25:31]}
34. Nd2 
    {[%clk 0:30:40]}
34. ... Bc7 
    {[%clk 0:20:47]}
35. Nc4 
    {[%clk 0:30:57]}
35. ... Nd7 
    {[%clk 0:18:38]}
36. Qf3 
    {[%clk 0:30:14]}
36. ... Qb8 
    {[%clk 0:15:00]}
37. a4 
    {[%clk 0:30:16]}
37. ... Qd8 
    {[%clk 0:15:27]}
38. Kg2 
    {[%clk 0:29:53]}
38. ... Bb6 
    {[%clk 0:14:31]}
39. Kf1 
    {[%clk 0:26:46]}
39. ... Bc7 
    {[%clk 0:13:08]}
40. h4 
    {[%clk 0:55:14]}
40. ... Bb6 
    {[%clk 0:38:59]}
41. Nd6 
    {[%clk 0:55:12]}
41. ... Nf6 
    {[%clk 0:36:36]}
42. Qxf6+ 
    {[%clk 0:55:35]}
42. ... Kxf6 
    {[%clk 0:37:03]}
43. Ne8# 
    {[%clk 0:55:59]}
1-0